Updated Top 5 Cities in Maryland by Population - Statistics

General Stats
  • This quiz has been taken 75 times
  • The average score is 3 of 5
Answer Stats
County City % Correct
--------- City Baltimore
96%
Montgomery Rockville
56%
Montgomery Gaithersburg
49%
--------- Frederick
47%
Prince George's Bowie
35%
No matching quizzes found
Score Distribution
Percent of People with Each Score
Percentile by Number Answered
Your Score History
You have not taken this quiz